MARC

LEADER 00000nas a2200000 a 4500
001 ssj0000850
003 WaSeSS
005 20200512172242.0
006 m d
007 cr n
008 020612c19889999nyuqr pss 0 a0eng c
010 |a  2002227042  |z  2001215288 
015 |a GBB407105  |2 bnb 
016 7 |a 016588088  |2 Uk 
022 |a 1537-5935  |l 1049-0965  |y 1049-0965 
035 |a (WaSeSS)ssj0000850 
037 |b APSA, 1527 New Hampshire Ave. NW, Washington, D.C. 20036  |c access available to APSA members and institutional subscribers only 
040 |a EYM  |b eng  |e pn  |c EYM  |d OCLCQ  |d OCL  |d OCLCQ  |d OCLCS  |d BUF  |d EEM  |d OCLCQ  |d DLC  |d OCLCQ  |d BUF  |d OCLCF  |d OCLCA  |d OCLCO  |d OCLCQ  |d Z5A  |d OCLCO  |d DOS  |d OCLCA  |d NTG  |d AU@  |d UKMGB  |d NJT  |d WaSeSS 
042 |a pcc  |a nsdp 
050 1 4 |a JA28 
082 1 0 |a 320.05  |2 14 
130 0 |a PS, political science & politics (Online) 
210 0 |a PS polit. sci. polit.  |b (Online) 
222 0 |a PS, political science & politics  |b (Online) 
245 1 0 |a PS, political science & politics  |h [electronic resource]. 
246 1 |i Some providers use title:  |a PS online 
246 3 |a Political science 
246 3 |a PS, political science and politics 
246 3 |a Political science and politics 
246 3 0 |a Political science & politics 
246 3 0 |a PS 
260 |a Washington, D.C. :  |b American Political Science Association,  |c 1988- 
260 3 |3 <2009>- :  |a New York, NY :  |b Cambridge University Press for the American Political Science Association 
310 |a Quarterly 
362 0 |a Vol. 21, no. 1 (winter 1988)- 
500 |a Title from title screen (viewed June 12, 2002). 
506 |a License restrictions may limit access. 
538 |a Mode of access: World Wide Web. 
580 |a With Mar. 1991 issue, absorbed: Political science teacher. 
588 |a Latest issue consulted: Vol. 46, issue 4 (Oct. 2013) (Cambridge University Press, viewed Sept. 30, 2013). 
650 0 |a Political science  |v Periodicals. 
650 7 |a Political science.  |2 fast  |0 (OCoLC)fst01069781 
650 7 |a Politik.  |2 albt//swe 
650 7 |a Samhällsvetenskap.  |2 albt 
650 0 7 |a POLITICAL SCIENCE.  |2 unbist 
650 7 |a Politik.  |2 albt 
650 7 |a Samhällsvetenskap.  |2 albt//swe 
650 6 |a Science politique  |v Périodiques. 
655 0 |a Electronic journals. 
710 2 |a American Political Science Association. 
776 0 8 |i Print version:  |t PS, political science & politics  |x 1049-0965  |w (DLC) 89646026  |w (OCoLC)19491865 
780 0 0 |t PS (Washington, D.C. : Online)  |w (DLC) 2002227041  |w (OCoLC)49976386 
780 1 5 |t Political science teacher (Online) 
856 4 0 |z Full text available from Research Library: 03/01/1994 to 12/31/2003  |u https://search.proquest.com/publication/34676 
856 4 0 |z Full text available from Research Library: 01/01/2005 to 1 year ago  |u https://search.proquest.com/publication/34676